000 01148 a2200337 4500
001 25953
003 TR-AnTOB
005 20240805152121.0
008 060517s1989 maua b 001 0 eng
010 _a88013250
020 _a0262121360
040 _aDLC
_cDLC
_dDLC
041 1 _aeng
_hfre
050 0 _aHB173
_b.L34 1989
090 _aHB173 .L34 1989
100 _aLaffont, Jean-Jacques,
_d1947-
_922467
240 _aEconomie de l'incertain et de l'information.
_lEnglish
_922957
245 4 _aThe economics of uncertainty and information /
_cJean-Jacques Laffont ; translated by John P. Bonin and Helene Bonin.
264 1 _aCambridge, Mass. :
_bMIT Press,
_cc1989.
300 _aviii, 289 p. :
_bill. ;
_c24 cm.
500 _aTranslation of: Cours de thâeorie microâeconomique. II. Economie de l'incertain et de l'information.
504 _aIncludes bibliographies and index.
650 7 _aBelirsizlik
_2etuturkob
_919218
650 0 _aUncertainty
_919219
650 _aMicroeconomics
_9548
650 _aMikroekonomi
_99596
906 _a7
_bcbc
_corignew
_d1
_eocip
_f19
_gy-gencatlg
942 _cBK
_2lcc
999 _c25953
_d12386